| 000 | 00707nam a2200193 a 4500 | ||
|---|---|---|---|
| 001 | 000037885 | ||
| 003 | OSt | ||
| 005 | 20240301141933.0 | ||
| 008 | 130307s2013 dr 000 0 spa d | ||
| 020 | _a9789945883251 | ||
| 040 |
_aDO-SdBNP _bspa _cBNPHU |
||
| 082 |
_a347.7293 _bG373d,2013 |
||
| 100 | 1 |
_aGermán M., Mariano, _d1946- _q(Germán Mejía) _99311 |
|
| 245 | 0 | 0 |
_aDiscurso pronunciado por el Dr. Mariano Germán Mejía : _ben ocación de la conmemoración del día del Poder Judicial audiencia solemne 7 de enero de 2013 / _cMariano Germán Mejía. |
| 260 |
_aSanto Domingo : _bSuprema Corte de Justicia, _c2013. |
||
| 300 |
_a68 p. ; _c23 cm. |
||
| 590 | _aInventariado, 2019/VM | ||
| 942 |
_2ddc _cLBS1 |
||
| 999 |
_c37375 _d37375 |
||